000 00488nam a22001697a 4500
005 20251108164722.0
008 250721s1983 xx 000 0 ara d
082 1 4 _a812.9611/عز
100 1 _aالمدني، عز الدين
245 1 0 _aالزنج و ثورة صاحب الحمار /
264 1 _aتونس :
_bالشركة التونسية،
_c1983.
300 _a190ص
650 1 7 _aالمسرحيات العربية
650 1 7 _aتونس
942 _2ddc
_cBK
999 _c12623
_d12623